000 00541nam a2200169Ia 4500
003 GCL
008 140319s9999 xx 000 0 ara d
040 _aGCL /
_cGCL
082 0 4 _a155.4
_bب ر
100 1 _aباسمه المنلا
245 1 0 _aرائز خروف القدم السوداء : دراسة فى سيكولوجية الطفل المحروم من الحب /
_cباسمه المنلا
300 _a396
490 _a100 قصة
_v0
650 0 4 _aعلم النفس
650 0 4 _aالاطفال - علم نفس
942 _2ddc
_cBK
999 _c43827
_d43827